دليل مكتبة الأسرة المسلمة / (Record no. 16284)
[ view plain ]
| 000 -الفاتح | |
|---|---|
| حقل البيانات ثابتة الطول | 01013nam a22002057a 4500 |
| 005 - وقت وتاريخ اخر تعامل مع التسجيلة | |
| رقم الضبط | 20111201141541.0 |
| 008 - عناصر البيانات ثابتة الطول - معلومات عامة | |
| حقل البيانات ثابتة الطول | 111201s198? wau|||||r| 000 0dara |
| 082 ## - رقم تصنيف ديوى العشرى | |
| رقم الطبعة | 22 |
| رقم التصنيف | 210.61 |
| رقم المادة | د ل ى |
| 100 ## - المدخل الرئيسى - إسم شخصى | |
| 9 (RLIN) | 27965 |
| الإسم الشخصى | ابو سليمان، عبد الحميد احمد |
| 245 ## - بيان العنوان | |
| العنوان | دليل مكتبة الأسرة المسلمة / |
| بيان المسئوليه,etc | خطة واشراف عبد الحميد احمد ابو سليمان. |
| 260 ## - PUBLICATION, DISTRIBUTION, ETC. (IMPRINT) | |
| مكان الناشر او الموزع | واشنطن : |
| اسم الناشر او الموزع | المعهد العالمي للفكر الاسلامي، |
| تاريخ النشر أو التوزيع | [19--] |
| 300 ## - الوصف المادى | |
| التعداد | 654 ص. ؛ |
| أبعاد الوعاء | 24 سم. |
| 500 ## - تبصرة عامة | |
| تبصرة عامة | يشمل على كشاف. |
| 650 ## - المدخل الاضافى بالموضوع-مصطلح موضوعى | |
| 9 (RLIN) | 27966 |
| مصطلح موضوعي أو اسم جغرافي كعنصر مدخل | الاسلام |
| التقسيم الفرعي الشكلي | ببليوجرافيات |
| 650 ## - المدخل الاضافى بالموضوع-مصطلح موضوعى | |
| 9 (RLIN) | 27967 |
| مصطلح موضوعي أو اسم جغرافي كعنصر مدخل | الثقافة العربية |
| التقسيم الفرعي الشكلي | ببليوجرافيات |
| 653 ## - مصطلح تكشيفى غير مقيد | |
| Resource For college | |
| Arrived date list | December2011 |
| 700 ## - المدخل الاضافى - اسم شخصى | |
| 9 (RLIN) | 27965 |
| الإسم الشخصى | ابو سليمان، عبد الحميد احمد |
| 942 ## - عناصر المدخل الإضافي( كوها) | |
| مصدر التصنيف او مخطط الترفيف | Dewey Decimal Classification |
| Koha [default] item type | Book - Borrowing |
| حالة التراجع | حالة الفقد | مصدر التصنيف او خطة الترفيف | حالة تلف | ليس للاعارة | مجموعات كوها | المكان الدائم | المكان الحالي | موقع الترفيف | تاريخ الاكتساب | Source of acquisition | رقم الاستدعاء | الباركود | Date last seen | نوع الوعاء |
|---|---|---|---|---|---|---|---|---|---|---|---|---|---|---|
| Dewey Decimal Classification | Alef-Baa | Central Library | Central Library | Lower Floor | 01/12/2011 | 210.61 د ل ي | 000025751 | 15/07/2025 | Book - Borrowing |